00594nam a22001937a 450000500170000000800410001704000070005824500280006525000290009349000240012252001470014665000100029365000180030365000140032165000100033594200120034599900150035795200280037220250513143403.0250513b |||||||| |||| 00| 0 eng d cDO aUntold stories of d-day aJune 2002 Vol. 201 No. 6 aNational Geographic aUntold Stories of D-Day, Saluting the Troops, Great Northern Forest, Beast of the Boreal, Jamestown, Long Road Home, Andes Empires, Ames, Lowa xD-DAY xBOREAL FOREST xJAMESTOWN xANDES 2ddccCR c5508d5508 aDObDOpDSMSR062002-071